Biblioteca

Raíces: pastoral juvenil en profundidad / Félix Ortíz, Annette Gulick, Gerardo Muniello (Registro nro. 39921)

Detalles MARC
000 -LÍDER
Campo fijo de descripción fija 008270000a22002290004500
020 ## - NÚMERO INTERNACIONAL NORMALIZADO PARA LIBROS
Número Internacional Normalizado del libro 978-0-8297-5006-5
041 0# - CÓDIGO DE IDIOMA
Código de idioma para texto/pista de sonido o título separado
082 04 - NÚMERO DE CLASIFICACIÓN DECIMAL DEWEY
Número de clasificación G 253.7 O775r
001 - NÚMERO DE CONTROL
Campo de control 10346
100 1# - ASIENTO PRINCIPAL--NOMBRE PERSONAL
Nombre personal Ortiz, Félix
245 10 - TÍTULO
Título del Material Raíces: pastoral juvenil en profundidad / Félix Ortíz, Annette Gulick, Gerardo Muniello
260 ## - PUBLICACIÓN, DISTRIBUCIÓN, ETC. (PIE DE IMPRENTA)
Lugar de publicación, distribución, etc. Miami : Vida
300 ## - DESCRIPCIÓN FÍSICA
Extensión 333 Pag.
336 ## - CONTENT TYPE
Content type term texto
Content type code txt
Source rdacontent
337 ## - MEDIA TYPE
Source rdamedia
Media type term sin mediación
Media type code n
338 ## - CARRIER TYPE
Source rdacarrier
Carrier type term volumen
Carrier type code nc
650 14 - ASIENTO SECUNDARIO DE MATERIA - TERMINO TEMÁTICO
Término temático o nombre geográfico como elemento de entrada CONSEJERIA PASTORAL - JUVENTUD \ LIDERAZGO CRISTIANO
700 1# - ASIENTO SECUNDARIO - NOMBRE PERSONAL
Nombre personal Gulick, Annette; Muniello, Gerardo
942 ## - TIPO DE MATERIAL (KOHA)
Tipo de Item KOHA Libros General
Existencias
Estado de Material Estado de Perdido Forma de Clasificación Estado de Dañado No para Préstamo Colección Tomo Biblioteca de Origen Biblioteca Permanente Fecha de Adquisición Total de Préstamos Total de Renovaciones Signatura Topográfica Código de Barras Última vez visto Última vez Préstado Ejemplar/Existencia Fecha de Remplazo Tipo de Material
    Dewey Decimal Classification     Colección General   Biblioteca FUSBC Biblioteca FUSBC 27/10/2008 4 3 G 253.7 O775r 16947 01/11/2023 19/07/2022 1 26/01/2016 Libros General

Biblioteca FUSBC | Teléfono: (57+4) 349 88 10 Ext. 141| WhatsApp (+57) 3005338115 
E-mail: biblioteca@unisbc.edu.co | Calle 76 87-14 Robledo Palenque, Medellín, Colombia

Con tecnología Koha